banner koha

Silagens de milho e sorgo na engorda de bovinos (Registro n. 283379)

MARC details
000 -LÍDER
campo de controle de tamanho fixo 00914nac a22003137a 4500
001 - NÚMERO DE CONTROLE
campo de controle BR9002096
003 - IDENTIFICADOR DO NÚMERO DE CONTROLE
campo de controle BR-BrBNA
005 - DATA E HORÁRIO DA ÚLTIMA TRANSAÇÃO
campo de controle 20240105121120.0
008 - CAMPO DE DADOS FIXOS--INFORMAÇÃO GERAL
campo de controle de tamanho fixo 230509b bl.|||m| |||| 00| 0 por d
040 ## - FONTE DA CATALOGAÇÃO
Instituição da catalogação original BR-BrBNA
Idioma da catalogação por
Instituição que transcreveu o registro Biblioteca Nacional de Agricultura
072 ## - CÓDIGO DE CATEGORIA DE ASSUNTO
Código de Categoria de Assunto Q54
090 ## - NÚMERO DE CHAMADA LOCAL
Número de chamada 5212 BR9002096
100 1# - ENTRADA PRINCIPAL--NOME PESSOAL
Nome pessoal Peres, R.M.
110 1# - ENTRADA PRINCIPAL--NOME CORPORATIVO
Nome corporativo ou nome da jurisdição Instituto de Zootecnia, Nova Odessa, SP (Brasil)
9 (RLIN) 6281
245 1# - TÍTULO
Título Silagens de milho e sorgo na engorda de bovinos
260 3# - PUBLICAÇÃO, DISTRIBUIÇÃO, ETC.
Local de publicação, distribuição, etc. Nova Odessa, SP (Brasil):
Data da publicação, distribuição, etc. 1988.
300 ## - DESCRIÇÃO FÍSICA
Extensão 49 p.
490 ## - TÍTULO DA SÉRIE
Título da série Boletim Tecnico - Instituto de Zootecnia (Brazil)
Número do volume ou designação sequencial da série no. 29
ISSN - International Standard Serial Number ISSN 0374-8510
500 ## - NOTA GERAL
Nota geral 34 ref.
650 ## - ASSUNTO--TERMO TÓPICO
Cabeçalho tópico ou nome geográfico BOVINO
650 ## - ASSUNTO--TERMO TÓPICO
Cabeçalho tópico ou nome geográfico ENGORDA
650 ## - ASSUNTO--TERMO TÓPICO
Cabeçalho tópico ou nome geográfico SILAGEM
650 ## - ASSUNTO--TERMO TÓPICO
Cabeçalho tópico ou nome geográfico MILHO
650 ## - ASSUNTO--TERMO TÓPICO
Cabeçalho tópico ou nome geográfico SORGO
650 ## - ASSUNTO--TERMO TÓPICO
Cabeçalho tópico ou nome geográfico VALOR NUTRITIVO
650 ## - ASSUNTO--TERMO TÓPICO
Cabeçalho tópico ou nome geográfico COMPOSICAO DE ALIMENTO
909 ## -
-- 202312
-- Lúcia Elande
-- 55
-- Lúcia Elande
942 ## - ELEMENTOS DE ENTRADA ADICIONADOS (KOHA)
Fonte da classificação ou esquema de arquivamento na estante Classificação AGRIS
Ocultar no OPAC Não
Tipo de material Koha Monografia Seriada
Exemplares
Situação do descarte Fonte da classificação ou esquema de arquivamento na estante Situação física Não pode ser emprestado Coleção Biblioteca de origem Biblioteca atual Localização na estante Total de empréstimos Número de telefone completo Código de barras Data de último acesso Tipo de material Koha Fonte de aquisição
  Classificação AGRIS       Biblioteca Nacional de Agricultura - Binagri Biblioteca Nacional de Agricultura - Binagri Agrobase - Acervo Geral   5212 BR9002096 5212 BR9002096 18/12/2023 Monografia Seriada Portaria Interministerial nº 164/94

BINAGRI

Telefone: (61)3218-2567/2388/3357/2097 - binagri@agro.gov.br

Ministério da Agricultura e Pecuária , Esplanada dos Ministérios, Bloco D, Anexo B, Brasília/DF, CEP: 70.043-900